000 00668nas a2200229 4500
001 BR8107446
003 BR-BrBNA
005 20231205084907.0
007 ta
008 230509b bl.|||p| |||| 00| 00por d
040 _aBR-BrBNA
_bpor
_cBiblioteca Nacional de Agricultura
041 _a(Pt)
072 _aF00
100 1 _aGrellmann, E.O.
245 1 _aPesquisa com macieiras em Veranopolis [Rio Grande do Sul, Malus comunis, Brasil]
650 _aMACA
650 _aPLANTIO
650 _aRIO GRANDE DO SUL
773 0 _tLavoura Pecuaria (Brazil)
_x
_g(Dec 1981), v. 4(19) p. 28
_wBR8107446
909 _a202311
_bLúcia
_c55
_dLúcia Elande
942 _2AGRIS
_n0
_cANA
999 _c107960
_d107960